Statistiques concernant Pokémon - Les attaques de Sorbébé

Cliquez ici pour prendre le quiz!

Statistiques générales

  • Ce quiz a été pris 9 fois
  • Le résultat moyen est 9 sur 14

Statistiques - réponses

NiveauxTypesNoms des coups% Correct
Niveau 44GlaceBlizzard
100%
Niveau 40GlaceLaser Glace
100%
Niveau 32PoisonAcidarmure
88%
Niveau 20GlaceGrêle
88%
Niveau 16GlaceAvalanche
75%
Niveau 48GlaceGlaciation
75%
Niveau 12GlaceVent Glace
75%
DépartNormalArmure
63%
Niveau 8GlaceBrume
63%
DépartSpectreÉtonnement
63%
Niveau 24GlaceStalactite
38%
Niveau 4TénèbresProvoc
25%
Niveau 28NormalBrouhaha
13%
Niveau 36PsyVoile Miroir
13%

Distribution des résultats

Percentile par nombre de réponses

% des personnes avec chaque résultat

Votre développement - résultats

Vous n’avez pas pris ce quiz